000 00428nam a2200145 4500
999 _c4848
_d4848
008 160926b xxu||||| |||| 00| 0 eng d
022 _a16565649
082 _aDPer 303.405 May-Sept 2015 n. 6-10
245 _aThe internet of threats.
260 _aQuezon City:
_bHardware Zone Phils. Corp.,
_c ©2015.
300 _aV11 i8, page 14;
_c30 cm.
500 _aHWM Philippines.
650 0 _915287
_aInternet
942 _2ddc
_cPER